| 000 | 01592cam a2200301 a 4500 | ||
|---|---|---|---|
| 999 |
_c234911 _d234911 |
||
| 001 | 16194562 | ||
| 003 | Nust | ||
| 005 | 20170403113505.0 | ||
| 008 | 100420s2011 enka b 001 0 eng | ||
| 010 | _a 2010017017 | ||
| 020 | _a9780415451390 (hardback) | ||
| 020 | _a9780415451376 (pbk.) | ||
| 020 | _a9780203840658 (ebook) | ||
| 040 |
_aDLC _cDLC _dDLC |
||
| 050 | 0 | 0 |
_a333.91 AGN _b.A365 2011 |
| 082 | 0 | 0 |
_a333.91 AGN _222 |
| 100 | 1 |
_aAgnew, Clive, _d1955- |
|
| 245 | 1 | 0 |
_aWater resources and development / _cClive Agnew and Philip Woodhouse. |
| 260 |
_aMilton Park, Abingdon, Oxon ; _aNew York : _bRoutledge, _cc2011. |
||
| 300 |
_axi, 343 p. : _bill. ; _c24 cm. |
||
| 500 | _aP.B | ||
| 504 | _aIncludes bibliographical references (p. [296]-334) and index. | ||
| 505 | 0 | _aWater management best practice in the twenty-first century -- Economic growth, environmental limits, and increasing water demand -- Climate change and fresh water resources -- Water resources in colonial and post-independence agricultural development -- Water supply -- Water demand -- Catchments and conflicts -- Water management conclusions. | |
| 650 | 0 | _aWater resources development. | |
| 650 | 0 | _aWater-supply. | |
| 650 | 0 |
_aWater resources development _xEnvironmental aspects. |
|
| 700 | 1 | _aWoodhouse, Philip. | |
| 906 |
_a7 _bcbc _corignew _d1 _eecip _f20 _gy-gencatlg |
||
| 942 |
_2ddc _cBK _k333.91 AGN |
||